
Library Catalogue

| 000 -LEADER | |
|---|---|
| fixed length control field | 01546nam a2200217Ia 4500 |
| 003 - CONTROL NUMBER IDENTIFIER | |
| control field | OSt |
| 005 - DATE AND TIME OF LATEST TRANSACTION | |
| control field | 20210213111712.0 |
| 008 - FIXED-LENGTH DATA ELEMENTS--GENERAL INFORMATION | |
| fixed length control field | 160316s2014 xxu||||| |||| 00| 0 eng d |
| 020 ## - INTERNATIONAL STANDARD BOOK NUMBER | |
| International Standard Book Number | 9789353881511 |
| 040 ## - CATALOGING SOURCE | |
| Transcribing agency | N |
| 082 ## - DEWEY DECIMAL CLASSIFICATION NUMBER | |
| Classification number | 342.087800 |
| Item number | KAN |
| 100 ## - MAIN ENTRY--PERSONAL NAME | |
| Personal name | Kannabiran Kalpana |
| 245 ## - TITLE STATEMENT | |
| Title | Women and law : Critical feminist perspectives |
| 260 ## - PUBLICATION, DISTRIBUTION, ETC. | |
| Place of publication, distribution, etc. | New Delhi |
| Name of publisher, distributor, etc. | Sage Publications |
| Date of publication, distribution, etc. | 2014 |
| 300 ## - PHYSICAL DESCRIPTION | |
| Extent | 305p |
| Dimensions | xv |
| 365 ## - TRADE PRICE | |
| Price amount | Rs. 995 |
| 505 ## - FORMATTED CONTENTS NOTE | |
| Formatted contents note | Content:<br/>Preface;<br/>Introduction Indira Jaising;<br/>Bringing Rights Home: Review of the Campaign for a Law on Domestic Violence Flavia Agnes;<br/>Conjugality, Property, Morality and Maintenance Sagari R Ramdas;<br/>Women, Forest spaces and the Law: Transgressing the Boundaries Meera Velayudhan;<br/>Women’s Rights and Entitlements to Land in South Asia: Changing Forms of Engagements Padmini Swaminathan;<br/>Outside the Realm of Protective Legislation: The Saga of Unpaid Work in India D Nagasaila; <br/>Gender Equality at Workplace: A Frozen Agenda Kalpana Kannabiran;<br/>Judicial Meanderings in Patriarchal Thickets: Litigating Sex Discrimination in India Shruti Pandey;<br/>Women’s Health and Law in India: Trends of Hope and Despair Anita Ghai and Rachana Johri;<br/>Prenatal Diagnosis: Where Do We Draw the Line? Zoya Hasan;<br/>Religion, Feminist Politics and Muslim Women’s Rights in India Anita Tiphagne;<br/>Women and State Violence: Where Is Justice;<br/>Index |
| 650 ## - SUBJECT ADDED ENTRY--TOPICAL TERM | |
| Topical term or geographic name entry element | 1. Women - Legal Status2. Women Rights - India3. Feminism - Feminist Jurisprudence |
| 700 ## - ADDED ENTRY--PERSONAL NAME | |
| Personal name | |
| -- | |
| 942 ## - ADDED ENTRY ELEMENTS (KOHA) | |
| Source of classification or shelving scheme | Dewey Decimal Classification |
| Koha item type | BOOKs |
| Withdrawn status | Lost status | Damaged status | Not for loan | Home library | Current library | Shelving location | Date acquired | Cost, normal purchase price | Total Checkouts | Total Renewals | Full call number | Barcode | Date last seen | Date last checked out | Price effective from | Koha item type |
|---|---|---|---|---|---|---|---|---|---|---|---|---|---|---|---|---|
| . | . | General Stacks | 30.05.2017 | 998.00 | 2 | 1 | 342.0878 KAN | 33750 | 16.01.2024 | 22.12.2023 | 30.05.2017 | BOOKs |